00602 2200217 4500001002100000005001700021008004100038035002400079082001100103090002100114100001600135245009700151250001100248260002200259300002400281650002800305850001500333980001500348985000600363999001500369YOGYA-0209000003408420090227024844.0 ind  0010-020900000034084 a613.71 a613.71bIdr KlT aIDRUS H., A aKiat membina tubuh modernbsenam binaraga alami, agar tubuh atletis bugar bersericIdrus H.A aCet. 3 aSolobAnekac1996 a95 hlmbilusc21 cm aSenam kesegaran jasmani aYOPDYOG(B) a10-10-2006 a1 a96P0081824